ბათუმის შოთა რუსთაველის სახელმწიფო უნივერსიტეტის ბიბლიოთეკა

პავლეს ეპისტოლეთა ქართული ვერსიები = Грузинские версии посланий Павла (ბიბ.ჩანაწერი № 52461)

000 -LEADER
fixed length control field 01910nam a2200253Ia 4500
001 - CONTROL NUMBER
control field 19484
003 - CONTROL NUMBER IDENTIFIER
control field GE_BSU
008 - FIXED-LENGTH DATA ELEMENTS--GENERAL INFORMATION
fixed length control field 181216s||||||||xx |||||||||||||| ||und||
040 ## - CATALOGING SOURCE
Transcribing agency GE_BSU
080 ## - UNIVERSAL DECIMAL CLASSIFICATION NUMBER
Universal Decimal Classification number 27 - 248.3
245 ## - TITLE STATEMENT
Title პავლეს ეპისტოლეთა ქართული ვერსიები = Грузинские версии посланий Павла
245 ## - TITLE STATEMENT
Statement of responsibility, etc. გამოსაც.მოამზადეს;ქეთევან ძპოწენიძემ,და კორნელი დანელიამ.რედ: აკაკი შანიძე
250 ## - EDITION STATEMENT
Edition statement ძველი ქართული ენის კათედრის შრომები:16
260 ## - PUBLICATION, DISTRIBUTION, ETC.
Place of publication, distribution, etc. თბილისი
260 ## - PUBLICATION, DISTRIBUTION, ETC.
Name of publisher, distributor, etc. თბილისის სახ.უნ-ტის გამ-ბა.
260 ## - PUBLICATION, DISTRIBUTION, ETC.
Date of publication, distribution, etc. 1974
300 ## - PHYSICAL DESCRIPTION
Extent 522 გვ;26სმ.
520 ## - SUMMARY, ETC.
Summary, etc. გარეკანზე სათაური:პავლენი
653 ## - INDEX TERM--UNCONTROLLED
Uncontrolled term ეპისტოლენი პავლე მოციქულისანი -- რომაელთა მიმართ -- I კორინთელთა მიმართ -- II კორინთელთა მიმართ -- ალატელთა მიმართ -- ეფესელთა მიმართ -- ფილიპელთა მიმართ -- კოლასელთა მიმართ -- I თესაკოლინელთა მიმართ -- II თესაკოლინელთა მიმართ -- ებრაელთა მიმართ -- I ტიმოთეს მიმართ -- II ტიმოთეს მიმართ
653 ## - INDEX TERM--UNCONTROLLED
Uncontrolled term რელიგია
653 ## - INDEX TERM--UNCONTROLLED
Uncontrolled term სახარება; ეპისტოლენი ; პავლეს ეპისტოლენი.
942 ## - ADDED ENTRY ELEMENTS (KOHA)
Koha item type წიგნი
ეგზემპლარები
Withdrawn status Lost status Damaged status Not for loan Date acquired Barcode Date last seen Price effective from Koha item type
        2018-12-17 48506 2018-12-17 2018-12-17 წიგნი
        2018-12-17 48507 2018-12-17 2018-12-17 წიგნი
        2018-12-17 48508 2018-12-17 2018-12-17 წიგნი
        2018-12-17 48509 2018-12-17 2018-12-17 წიგნი
        2018-12-17 48510 2018-12-17 2018-12-17 წიგნი
        2018-12-17 48511 2018-12-17 2018-12-17 წიგნი